Staten van India - Statistieken

Algemene statistieken
  • Deze quiz is 170 keer genomen
  • De gemiddelde score is 17 van 36
Antwoorden op de kaart
Antwoorden kleurgecodeerd door een groen-rode schaal op de quizkaart volgens % correct hieronder.
 
Antwoordstatistieken
State % Correct
Tamil Nadu
76%
Assam
64%
Delhi
64%
Goa
64%
Kerala
64%
Punjab
60%
Sikkim
56%
Uttar Pradesh
56%
Gujarat
52%
Jammu en Kasjmir
52%
Ladakh
52%
Madhya Pradesh
52%
Rajasthan
52%
Andhra Pradesh
48%
Chhattisgarh
48%
Manipur
48%
Mizoram
48%
West-Bengalen
48%
Arunachal Pradesh
44%
Bihar
44%
Haryana
44%
Himachal Pradesh
40%
Jharkhand
40%
Karnataka
40%
Laccadiven
40%
Maharashtra
40%
Nagaland
40%
Odisha
40%
Andamanen en Nicobaren
36%
Chandigarh
36%
Dadra and Nagar Haveli and Daman and Diu
36%
Meghalaya
36%
Puducherry
36%
Telangana
36%
Tripura
36%
Uttarakhand
36%
Geen overeenkomende quizzen gevonden
Scoreverdeling
Procent van Mensen met Elke Score
Percentiel versus Aantal Correcte Antwoorden
Uw Scoregeschiedenis
U heeft deze quiz nog niet genomen